FUNDAMENTALS of psychological research

Guardat en:
Dades bibliogràfiques
Format: Llibre
Idioma:anglès
Publicat: Tetfund 2019
Etiquetes: Afegir etiqueta
Sense etiquetes, Sigues el primer a etiquetar aquest registre!

MARC

LEADER 00000nam a22000007a 4500
008 210802b ||||| |||| 00| 0 eng d
020 |a 9789785730722 
245 |a FUNDAMENTALS of psychological research  |c Benjamin Oluwabunmi Omolayo  |g xiii,310p; ill 
250 |c Omolayo, Benjamin Oluwabunmi 
260 |b Tetfund  |c 2019  |h [Ado-Ekiti, Nigeria]  |i 696014  |i 696015  |i 696016  |i 696017  |i 696018  |i 696019  |i 696020  |i 696021  |i 696022  |i 696023  |i 696024  |i 696025  |i 696026  |i 696027  |i 696028  |i 696029  |i 696030  |i 696031  |i 696032  |i 696033  |l BF76.5.F96  |m Psychology-Research  |m Psychometrics 
500 |a it includes references 
942 |a lcc  |c BK  |e JOHNSON  |f 02/08/21 
952 |0 0  |1 0  |2 lcc  |4 0  |6 BF00765 F96  |7 0  |9 2914  |a ED  |b HOL  |c AF  |d 2021-08-02  |l 0  |o BF76.5.F96  |p 2021-66591  |r 2021-08-02 00:00:00  |w 2021-08-02  |y BK 
952 |0 0  |1 0  |2 lcc  |4 0  |6 BF00765 F96  |7 0  |9 2915  |a ED  |b HOL  |c AF  |d 2021-08-02  |l 0  |o BF76.5.F96  |p 2021-66592  |r 2021-08-02 00:00:00  |w 2021-08-02  |y BK 
952 |0 0  |1 0  |2 lcc  |4 0  |7 0  |9 2916  |a ART  |b HOL  |c AF  |d 2021-08-02  |o BF76.5.F96  |p 2021-66600  |r 2021-08-02 00:00:00  |w 2021-08-02  |y BK 
952 |0 0  |1 0  |2 lcc  |4 0  |6 BF00765 F96  |7 0  |9 2917  |a ART  |b HOL  |c AF  |d 2021-08-02  |l 0  |o BF76.5.F96  |p 2021-66593  |r 2021-08-02 00:00:00  |w 2021-08-02  |y BK 
952 |0 0  |1 0  |2 lcc  |4 0  |6 BF00765 F96  |7 0  |9 2918  |a MPL  |b HOL  |c AF  |d 2021-08-02  |l 0  |o BF76.5.F96  |p 2021-66594  |r 2021-08-02 00:00:00  |w 2021-08-02  |y BK 
952 |0 0  |1 0  |2 lcc  |4 0  |6 BF00765 F96  |7 0  |9 2919  |a MPL  |b HOL  |c AF  |d 2021-08-02  |l 0  |o BF76.5.F96  |p 2021-66595  |r 2021-08-02 00:00:00  |w 2021-08-02  |y BK 
952 |0 0  |1 0  |2 lcc  |4 0  |6 BF00765 F96  |7 0  |9 2920  |a AC  |b HOL  |c AF  |d 2021-08-02  |l 0  |o BF76.5.F96  |p 2021-66596  |r 2021-08-02 00:00:00  |w 2021-08-02  |y BK 
952 |0 0  |1 0  |2 lcc  |4 0  |6 BF00765 F96  |7 0  |9 2921  |a AC  |b HOL  |c AF  |d 2021-08-02  |l 0  |o BF76.5.F96  |p 2021-66597  |r 2021-08-02 00:00:00  |w 2021-08-02  |y BK 
952 |0 0  |1 0  |2 lcc  |4 0  |7 0  |9 2922  |a EDM  |b HOL  |c AF  |d 2021-08-02  |o BF76.5.F96  |p 2021-66599  |r 2021-08-02 00:00:00  |w 2021-08-02  |y BK 
952 |0 0  |1 0  |2 lcc  |4 0  |6 BF00765 F96  |7 0  |9 2923  |a EDM  |b HOL  |c AF  |d 2021-08-02  |l 0  |o BF76.5.F96  |p 2021-66598  |r 2021-08-02 00:00:00  |w 2021-08-02  |y BK 
952 |0 0  |1 0  |2 lcc  |4 0  |6 BF00765 F96  |7 0  |9 2924  |a AG  |b HOL  |c AF  |d 2021-08-02  |l 0  |o BF76.5.F96  |p 2021-66601  |r 2021-08-02 00:00:00  |w 2021-08-02  |y BK 
952 |0 0  |1 0  |2 lcc  |4 0  |6 BF00765 F96  |7 0  |9 2925  |a AG  |b HOL  |c AF  |d 2021-08-02  |l 0  |o BF76.5.F96  |r 2021-08-02 00:00:00  |w 2021-08-02  |y BK 
952 |0 0  |1 0  |2 lcc  |4 0  |6 BF00765 F96  |7 0  |9 2926  |a LL  |b HOL  |c AF  |d 2021-08-02  |l 0  |o BF76.5.F96  |p 2021-66602  |r 2021-08-02 00:00:00  |w 2021-08-02  |y BK 
952 |0 0  |1 0  |2 lcc  |4 0  |6 BF00765 F96  |7 0  |9 2927  |a LL  |b HOL  |c AF  |d 2021-08-02  |l 0  |o BF76.5.F96  |p 2021-66603  |r 2021-08-02 00:00:00  |w 2021-08-02  |y BK 
952 |0 0  |1 0  |2 lcc  |4 0  |6 BF00765 F96  |7 0  |9 2928  |a ML  |b HOL  |c AF  |d 2021-08-02  |l 0  |o BF76.5.F96  |p 2021-66604  |r 2021-08-02 00:00:00  |w 2021-08-02  |y BK 
952 |0 0  |1 0  |2 lcc  |4 0  |6 BF00765 F96  |7 0  |9 2929  |a ML  |b HOL  |c AF  |d 2021-08-02  |l 0  |o BF76.5.F96  |p 2021-66605  |r 2021-08-02 00:00:00  |w 2021-08-02  |y BK 
952 |0 0  |1 0  |2 lcc  |4 0  |6 BF00765 F96  |7 0  |9 2930  |a HE  |b HOL  |c AF  |d 2021-08-02  |l 0  |o BF76.5.F96  |p 2021-66606  |r 2021-08-02 00:00:00  |w 2021-08-02  |y BK 
952 |0 0  |1 0  |2 lcc  |4 0  |6 BF00765 F96  |7 0  |9 2931  |a HE  |b HOL  |c AF  |d 2021-08-02  |l 0  |o BF76.5.F96  |p 2021-66607  |r 2021-08-02 00:00:00  |w 2021-08-02  |y BK 
999 |c 1485  |d 1485